000 01515nam a2200337 i 4500
001 66496
003 ES-MaACL
005 20251010144252.0
007 t|
008 030520s2003 sp ||||0| spa d
020 _a84-89913-42-0
040 _aM-BN
_bspa
_cM-BN
080 _a929 Rodríguez Campomanes, Pedro (060.64)
080 _a94(460)"1759/88"(060.64)
245 0 0 _aCampomanes y su tiempo
_b: Sala de Exposiciones de la Fundación Santander Central Hispano : del 4 de marzo al 11 de mayo de 2003 /
_c[textos, José María Vallejo García-Hevia ... et al.].
260 _a[Madrid] :
_bFundación Santander Central Hispano :
_bCorreos y Telégrafos ;
_a[Oviedo] :
_bCajastur,
_c[2003]
300 _a302 p. :
_bil. col. ;
_c30 cm.
500 _aExposición dentro de los actos conmemorativos del segundo centenario de la muerte del conde de Campomanes.
504 _aBibliografía p. 299-302.
600 1 4 _aRodríguez Campomanes, Pedro,
_d1723-1803-
_vExposiciones
_998400
650 1 4 _aIlustración-
_zEspaña
_913585
651 4 _aEspaña-
_xHistoria-
_y1759-1788, Carlos III.
_98240
655 7 _2tgfbne
_9193628
_aCatálogos de exposiciones
700 1 _aVallejo García-Hevia, José María.
_9112851
710 2 _aFundación Santander Central Hispano.
_94415
710 2 _aEntidad Pública Empresarial Correos y Telégrafos (España)
_93481
710 2 _aCaja de Ahorros de Asturias.
_92283
852 _aES-MaACL
_jL-26985
_bR.132634
942 _2udc
999 _c66496
_d66496